Welcome to CU Library Online Public Access Catalogue (OPAC)

Fundamentals of business ethics; (Record no. 5603)

MARC details
000 -LEADER
fixed length control field 00412nam a22001457a 4500
005 - DATE AND TIME OF LATEST TRANSACTION
control field 20250429160941.0
008 - FIXED-LENGTH DATA ELEMENTS--GENERAL INFORMATION
fixed length control field 250429b |||||||| |||| 00| 0 eng d
020 ## - INTERNATIONAL STANDARD BOOK NUMBER
International Standard Book Number 9789780291792
050 ## - LIBRARY OF CONGRESS CALL NUMBER
Classification number HF5387
Item number ELE
100 ## - MAIN ENTRY--PERSONAL NAME
Personal name Elegido, J. M.
245 ## - TITLE STATEMENT
Title Fundamentals of business ethics;
Remainder of title a developing country perspective
260 ## - PUBLICATION, DISTRIBUTION, ETC.
Place of publication, distribution, etc. Abuja
Name of publisher, distributor, etc. Spectrum Books Ltd
Date of publication, distribution, etc. c1996
300 ## - PHYSICAL DESCRIPTION
Extent xviii, 416p
942 ## - ADDED ENTRY ELEMENTS (KOHA)
Source of classification or shelving scheme Library of Congress Classification
Koha item type Books
Suppress in OPAC No
999 ## -
-- 5603
-- 5603
Holdings
Withdrawn status Lost status Source of classification or shelving scheme Damaged status Not for loan Collection Home library Current library Shelving location Date acquired Total checkouts Full call number Barcode Date last seen Copy number Price effective from Koha item type
    Library of Congress Classification     Non-fiction Undergraduate Library (Christ Temple) Undergraduate Library (Christ Temple) General stacks 04/29/2025   HF5387 ELE ulct00002183 04/29/2025 1 04/29/2025 Books
    Library of Congress Classification     Non-fiction Undergraduate Library (Christ Temple) Undergraduate Library (Christ Temple) General stacks 04/29/2025   HF5387 ELE ulct00002184 04/29/2025 2 04/29/2025 Books
    Library of Congress Classification     Non-fiction Undergraduate Library (Christ Temple) Undergraduate Library (Christ Temple) General stacks 04/30/2025   HF 5387 ELE ulct00002199 04/30/2025 1 04/30/2025 Books
© 2023-2024 Copyright: Central University Libraries. All Rights Reserved | Created by: Mahone Tech Office